000 00527nam a2200181Ia 4500
003 IN-BaIIA
008 211028s9999 xx 000 0 eng d
040 _cIIA Library
080 _a621.385.1
_bTHO
100 _aThomas, H A
_92264
245 0 _aTheory and design of valve oscillations
_cH. A. Thomas
260 _aLondon
_bChapman and Hall
_c1951
300 _a317p.
650 _aElectronics
_91576
650 _aNASA Thesaurus
650 _aOscillations
_92762
942 _cBK
999 _c1331
_d1331